000 00572nam a2200217 a 4500
001 BRCA_3549
005 20190320204329.0
008 310709s1947----ag-#---###---#000-0#spa-#
041 _aspa
044 _aag
050 4 _aNK7130
_b.T38 1 1947
100 1 _aTaullard, Alfredo
_99211
245 1 0 _aPlatería sudamericana
_cA. Taullard.
260 _aBuenos Aires
_bPeuser
_c1947
300 _a285 p.
_bil., 387 láminas
_c33 cm.
500 _aVer también G89 (1941)
500 _aB217
650 1 4 _aPlatería
_zAmérica del Sur
_99212
902 _aGFM
942 _2lcc
_cB
999 _c3284
_d3284